Divinas palabras (Record no. 106098)
[ view plain ]
| 000 -LEADER | |
|---|---|
| campo de control de longitud fija | 00665nam a2200217 i 4500 |
| 001 - NÚMERO DE CONTROL | |
| campo de control | 106098 |
| 003 - IDENTIFICADOR DE NÚMERO DE CONTROL | |
| campo de control | ES-MaACL |
| 005 - FECHA Y HORA DE LA ÚLTIMA TRANSACCIÓN | |
| campo de control | 20250624062525.0 |
| 007 - CAMPO FIJO DE DESCRIPCIÓN FÍSICA--INFORMACIÓN GENERAL | |
| campo de control de longitud fija | t| |
| 008 - DATOS DE LONGITUD FIJA--INFORMACIÓN GENERAL | |
| campo de control de longitud fija | 060927s1943 sp ||||1| spa d |
| 080 ## - NÚMERO DE LA CLASIFICACIÓN DECIMAL UNIVERSAL | |
| Número de la Clasificación Decimal Universal | 821.134.2-23"19" |
| 100 1# - ENTRADA PRINCIPAL--NOMBRE DE PERSONA | |
| Nombre de persona | Valle-Inclán, Ramón del, |
| Fechas asociadas al nombre | 1866-1936 |
| 9 (RLIN) | 112796 |
| 245 10 - MENCIÓN DEL TÍTULO | |
| Título | Divinas palabras |
| Resto del título | : tragicomedia de aldea / |
| Mención de responsabilidad, etc. | por Don Ramón del Valle Inclán. |
| 260 ## - PUBLICACIÓN, DISTRIBUCIÓN, ETC. | |
| Lugar de publicación, distribución, etc. | Madrid : |
| Nombre del editor, distribuidor, etc. | Rua Nueva, |
| Fecha de publicación, distribución, etc. | [1943] |
| 300 ## - DESCRIPCIÓN FÍSICA | |
| Extensión | 283 p. ; |
| Dimensiones | 18 cm. |
| 490 1# - MENCIÓN DE SERIE | |
| Mención de serie | Opera omnia ; |
| Designación de volumen o secuencia | 21 |
| 500 ## - NOTA GENERAL | |
| Nota general | Biblioteca Juan Andrade. |
| 830 0# - PUNTO DE ACCESO ADICIONAL DE SERIE-TÍTULO UNIFORME | |
| Título uniforme | Opera omnia ; |
| Designación de volumen o secuencia | 21 |
| 9 (RLIN) | 187581 |
| 852 ## - LOCALIZACIÓN | |
| Ubicación | ES-MaACL |
| Número de control de estantería | AND-844 |
| Sublocalización o colección | R.110135 |
| Estatus retirado | Estado de pérdida | Estado de daño | No para préstamo | Biblioteca de origen | Biblioteca actual | Ubicación en estantería | Fecha de adquisición | Fuente de adquisición | Total de préstamos | Signatura topográfica completa | Código de barras | Visto por última vez | Precio de reemplazo | Tipo de ítem Koha |
|---|---|---|---|---|---|---|---|---|---|---|---|---|---|---|
| Biblioteca del Ateneo de Madrid | Biblioteca del Ateneo de Madrid | Depósito 2 | 17/01/2008 | AND-844 | 1110761 | 23/02/2023 | 23/02/2023 | Libro impreso |
